000
00298nam a22001337a 4500
020
_a
81-7273-274-0
082
_a
425
_b
GOP/C
100
_a
GOPALAKRISHNAN, P.N
245
_a
CONFUSING WORDS
260
_a
DELHI
_b
AUTHORPRESS
_c
2006
300
_a
159
650
_a
CONFUSING WORDS
_z
INDIA
942
_c
BK
999
_c
4058
_d
4058